|
|
|
|
| LEADER |
00000nmm0a2200000 4500 |
| 001 |
27558 |
| 005 |
20231030202223.0 |
| 010 |
|
|
|a 5896840136
|
| 035 |
|
|
|a (RuTPU)RU\TPU\book\27809
|
| 035 |
|
|
|a BOOK00027884
|
| 090 |
|
|
|a 27558
|
| 100 |
|
|
|a 20011209d2001 k y0rusy50 ca
|
| 101 |
1 |
|
|a rus
|c eng
|
| 102 |
|
|
|a RU
|
| 105 |
|
|
|a a z 001zy
|
| 200 |
1 |
|
|a Анализ финансовых данных с помощью самоорганизующихся карт
|e пер. с англ.
|f Г. Дебок, Т. Кохонен
|
| 210 |
|
|
|a Москва
|c Альпина
|d 2001
|
| 215 |
|
|
|a 317 с.
|c ил.
|e Приложение: CD-ROM
|
| 320 |
|
|
|a Глоссарий: с. 304-316.
|
| 610 |
1 |
|
|a экономика
|
| 610 |
1 |
|
|a финансы
|
| 610 |
1 |
|
|a финансовый менеджмент
|
| 610 |
1 |
|
|a финансовые данные
|
| 610 |
1 |
|
|a анализ
|
| 610 |
1 |
|
|a самоорганизующиеся карты Кохонена
|
| 610 |
1 |
|
|a карты инвестиции
|
| 610 |
1 |
|
|a банки
|
| 610 |
1 |
|
|a Россия
|
| 610 |
1 |
|
|a программные средства
|
| 610 |
1 |
|
|a CD-ROM
|
| 686 |
|
|
|a У826.1
|v LBC/SL-A
|2 rubbk
|
| 700 |
|
1 |
|a Дебок
|b Г.
|g Гвидо
|
| 701 |
|
1 |
|a Кохонен
|b Т.
|g Тейво
|
| 801 |
|
0 |
|a RU
|b 63413507
|c 20011209
|g PSBO
|
| 801 |
|
2 |
|a RU
|b 63413507
|c 20150409
|g PSBO
|
| 942 |
|
|
|c MX
|